|
|
|
|
| LEADER |
00000nam a2200000 a 4500 |
| 001 |
UCP1170 |
| 003 |
CL-VaPUC |
| 008 |
990401e19900000SP |||||||||||||||||spa|d |
| 082 |
0 |
4 |
|a 512
|b REE
|2 21
|
| 100 |
0 |
|
|a Rees, Paul K
|e author
|9 427056
|
| 700 |
0 |
|
|a Sparks, Fred W
|e author
|9 427057
|
| 245 |
1 |
0 |
|a Algebra
|
| 300 |
|
|
|a 476 p
|
| 942 |
|
|
|c BK
|
| 945 |
|
|
|d 19990401 00:00:00
|a rbrito
|
| 260 |
|
|
|a Barcelona
|b Reverté
|c 1990
|
| 650 |
|
0 |
|a Álgebra
|9 259567
|
| 650 |
|
0 |
|a Fracciones
|9 316607
|
| 650 |
|
0 |
|a Ecuaciones
|9 260137
|
| 650 |
|
0 |
|a Funciones
|9 263869
|
| 650 |
|
0 |
|a Números complejos
|9 270335
|
| 650 |
|
0 |
|a Logaritmos
|9 260266
|
| 650 |
|
7 |
|a DETERMINANTES
|2 CL-VaPUC
|9 427058
|
| 583 |
|
|
|a last modification
|c 19990401 00:00:00
|k Rodrigo Vera
|
| 999 |
|
|
|c 279879
|d 279877
|